000
00320nam a2200133Ia 4500
005
20260328104245.0
008
260328s9999||||xx |||||||||||||| ||und||
100
_a
Bingham, Hiran
245
0
_a
La Ciudad Perdida de los Incas /
_c
Hiran Bingham
260
_b
Zig-Zag
300
_a
373 p.
650
_a
PERÚ
942
_c
BK
999
_c
10033
_d
10033